[Event "DSOL 2021"]
[Site "Germany"]
[Date "2021.03.22"]
[Round "7.3"]
[White "Glitz, Martin"]
[Black "Lenz, Jonas"]
[Result "1/2-1/2"]
[WhiteElo "2056"]
[BlackElo "2092"]
[Annotator "TA"]
[PlyCount "71"]
[EventDate "2021.01.18"]
[EventType "team-tourn"]
[EventCountry "GER"]
[SourceTitle "playchess.com"]
[Source "ChessBase"]
[SourceQuality "1"]

1. e4 e5 2. Nf3 Nc6 3. Bb5 a6 4. Ba4 Nf6 5. O-O Be7 6. Re1 b5 7. Bb3 d6 8. c3 O-O 9. h3 Bb7 10. d4 Re8 11. Nbd2 Bf8 12. d5 Nb8 13. Nf1 Nbd7 14. N3h2 Nc5 15. Bc2 c6 16. b4 Ncd7 17. dxc6 Bxc6 18. Bg5 h6 19. Bxf6 Nxf6 20. Ng4 Nxg4 21. Qxg4 d5 22. exd5 Qxd5 23. Bb3 Qd7 24. Qh5 Qe7 25. Ne3 Ra7 26. Ng4 e4 27. Ne3 Qf6 28. Red1 g6 29. Qe2 Ba8 30. Rac1 Rd8 31. Rxd8 Qxd8 32. Rd1 Rd7 33. Rxd7 Qxd7 34. Qd1 Qxd1+ 35. Nxd1 Bd6 36. g3 1/2-1/2

[Event "DSOL 2021"]
[Site "Germany"]
[Date "2021.03.26"]
[Round "7.3"]
[White "Haufe, Laurin"]
[Black "Reuker, Jari"]
[Result "1-0"]
[WhiteElo "2052"]
[BlackElo "2423"]
[Annotator "TA"]
[PlyCount "89"]
[EventDate "2021.01.18"]
[EventType "team-tourn"]
[EventCountry "GER"]
[SourceTitle "playchess.com"]
[Source "ChessBase"]
[SourceQuality "1"]
[WhiteTeam "SG Leipzig"]
[BlackTeam "SV Werder Bremen I"]

1. e4 c5 2. Nf3 e6 3. d4 cxd4 4. Nxd4 Nc6 5. Nf3 Nf6 6. Bd3 Qc7 7. O-O Be7 8. c4 a6 9. Nc3 b6 10. h3 Bb7 11. a3 O-O 12. Be3 d6 13. Rc1 Ne5 14. Nxe5 dxe5 15. b4 Rfd8 16. Na4 Nd7 17. Qb3 Rab8 18. Rc3 Bc6 19. Rfc1 h6 20. c5 b5 21. Nb6 Nf6 22. Qb1 Rxd3 23. Qxd3 Nxe4 24. R3c2 f5 25. Qb3 Kf7 26. f3 Nf6 27. Rd1 g5 28. Rcd2 e4 29. Bd4 exf3 30. Bxf6 Kxf6 31. Re1 Be4 32. Nd7+ Kf7 33. Nxb8 Qxb8 34. Rf2 Bd5 35. Qe3 Bf6 36. Rxf3 h5 37. Rf2 Kg6 38. Rd1 Be4 39. Kh1 Be5 40. Qd2 Bg3 41. Re2 Bd5 42. Qc3 g4 43. Rxd5 exd5 44. Re6+ Kh7 45. Re7+ 1-0

[Event "DSOL 2021"]
[Site "Germany"]
[Date "2021.03.24"]
[Round "7.3"]
[White "Sarre, Sascha"]
[Black "Diehl, Achim"]
[Result "1-0"]
[WhiteElo "2052"]
[BlackElo "2014"]
[Annotator "TA"]
[PlyCount "91"]
[EventDate "2021.01.18"]
[EventType "team-tourn"]
[EventCountry "GER"]
[SourceTitle "playchess.com"]
[Source "ChessBase"]
[SourceQuality "1"]

1. e4 c5 2. Nf3 d6 3. d4 cxd4 4. Nxd4 Nf6 5. Nc3 a6 6. Bg5 e6 7. f4 Nbd7 8. Qd2 h6 9. Bh4 Be7 10. Bxf6 Nxf6 11. O-O-O Qc7 12. Be2 Bd7 13. Kb1 b5 14. a3 Rc8 15. Rhe1 e5 16. Nf5 Bxf5 17. exf5 O-O 18. Bf3 exf4 19. Qxf4 Rfe8 20. g4 Qa5 21. Nd5 Nxd5 22. Bxd5 Qc7 23. c3 Bh4 24. Rxe8+ Rxe8 25. Bb3 Re5 26. Qd4 Be7 27. h3 Qc5 28. h4 Qc6 29. h5 Re4 30. Qa7 Re2 31. Bd5 Qc5 32. Qb8+ Bf8 33. Qb7 Be7 34. Qb8+ Bf8 35. Qb7 Be7 36. Qxa6 Qf2 37. Qxb5 Kh7 38. Bxf7 g6 39. Bxg6+ Kg7 40. Qb3 Kf6 41. a4 Qf3 42. Qc4 Qg2 43. Ka1 Rxb2 44. Qe6+ Kg5 45. Qxe7+ Kxg4 46. Rd4+ 1-0

[Event "DSOL 2021"]
[Site "Germany"]
[Date "2021.03.24"]
[Round "7.3"]
[White "Roche Simon, Manuel Angel"]
[Black "Stirnberg, Noah"]
[Result "0-1"]
[WhiteElo "2046"]
[BlackElo "1869"]
[Annotator "RC"]
[PlyCount "88"]
[EventDate "2021.01.18"]
[EventType "team-tourn"]
[EventCountry "GER"]
[SourceTitle "playchess.com"]
[Source "ChessBase"]
[SourceQuality "1"]

1. e4 e5 2. Nf3 Nc6 3. d4 exd4 4. Nxd4 Bc5 5. Be3 Qf6 6. c3 d6 7. Bc4 Bd7 8. O-O Nge7 9. Na3 O-O 10. Nac2 Bb6 11. Qd2 Rfe8 12. Bg5 Qg6 13. Rfe1 h6 14. Bf4 Ne5 15. Bb3 a5 16. a4 Kh8 17. Bg3 N5c6 18. Kh1 f5 19. exf5 Nxf5 20. Nxf5 Bxf5 21. Ne3 Bxe3 22. Rxe3 Ne5 23. Bxe5 dxe5 24. Rd1 Be4 25. f3 Bf5 26. Bd5 Rad8 27. Qe2 Bc2 28. Rd2 Bxa4 29. Re4 Bd7 30. Bxb7 Bb5 31. Qe1 Rxd2 32. Qxd2 Rb8 33. Bd5 Qd6 34. c4 c6 35. cxb5 cxd5 36. Ra4 Rxb5 37. Rxa5 Rxa5 38. Qxa5 d4 39. Qa8+ Kh7 40. Qe4+ Kg8 41. Qa8+ Kf7 42. Qa2+ Kf6 43. Qb1 d3 44. Qd1 Qc5 0-1

[Event "DSOL 2021"]
[Site "Germany"]
[Date "2021.03.22"]
[Round "7.3"]
[White "Wenzel, Birger"]
[Black "Voda, Costel"]
[Result "0-1"]
[WhiteElo "2034"]
[BlackElo "1838"]
[Annotator "TA"]
[PlyCount "128"]
[EventDate "2021.01.18"]
[EventType "team-tourn"]
[EventCountry "GER"]
[SourceTitle "playchess.com"]
[Source "ChessBase"]
[SourceQuality "1"]

1. c4 e5 2. g3 c6 3. Nf3 e4 4. Nd4 d5 5. cxd5 Qxd5 6. Nc2 Nf6 7. Nc3 Qh5 8. h3 Bc5 9. Bg2 Qg6 10. b4 Bb6 11. Bb2 O-O 12. a4 a5 13. b5 Rd8 14. Qc1 Be6 15. Ne3 Nbd7 16. bxc6 bxc6 17. O-O Nc5 18. Ra3 Nb3 19. Qc2 Rxd2 20. Rxb3 Rxc2 21. Rxb6 Rd2 22. Bc1 Rdd8 23. Rxc6 Rac8 24. Rxc8 Rxc8 25. Bb2 h5 26. Rd1 Qg5 27. Rd4 Qc5 28. Nxe4 Nxe4 29. Rxe4 Qb6 30. Bd4 Qb1+ 31. Kh2 Qe1 32. Re5 Rc1 33. Nf1 Rc2 34. Rxh5 Qxe2 35. Rg5 g6 36. Rxa5 Qd3 37. Bf6 Rc8 38. Re5 Qc2 39. Kg1 Qxa4 40. Re4 Rc4 41. Re1 Qd7 42. Ne3 Rc8 43. Rd1 Qxd1+ 44. Nxd1 Rc1 45. Bf3 Bb3 46. g4 Bxd1 47. Bxd1 Rxd1+ 48. Kg2 Kf8 49. g5 Rd3 50. f3 Ke8 51. Kg3 Kd7 52. Kf4 Ke6 53. Kg4 Rb3 54. h4 Rb1 55. f4 Rg1+ 56. Kf3 Kf5 57. Be5 Rg4 58. Bb8 Rxh4 59. Kg3 Rh8 60. Be5 Re8 61. Bc7 Re3+ 62. Kf2 Rb3 63. Ke2 Ke4 64. Be5 Rf3 0-1

[Event "DSOL 2021"]
[Site "Germany"]
[Date "2021.03.25"]
[Round "7.3"]
[White "Derwiesh, Willi"]
[Black "Trossmann, Max"]
[Result "0-1"]
[WhiteElo "2033"]
[BlackElo "1677"]
[Annotator "TA"]
[PlyCount "96"]
[EventDate "2021.01.18"]
[EventType "team-tourn"]
[EventCountry "GER"]
[SourceTitle "playchess.com"]
[Source "ChessBase"]
[SourceQuality "1"]

1. e4 e5 2. Nf3 Nf6 3. Nc3 Nc6 4. d4 exd4 5. Nxd4 Bc5 6. Nb3 Bb4 7. Bd3 d5 8. exd5 Nxd5 9. Bd2 Qe7+ 10. Qe2 Qxe2+ 11. Nxe2 Bd7 12. O-O-O O-O-O 13. Rhe1 Bxd2+ 14. Rxd2 Be6 15. Nc5 Rhe8 16. a3 g6 17. c4 Nb6 18. b3 Ne5 19. Be4 c6 20. Nf4 Rxd2 21. Kxd2 Bxc4 22. bxc4 Nbxc4+ 23. Kc3 Nxa3 24. Bxg6 Nb5+ 25. Kc2 hxg6 26. Nfd3 b6 27. Rxe5 Rxe5 28. Nxe5 bxc5 29. Nxf7 Kc7 30. h4 Nd4+ 31. Kd3 Nf5 32. g3 a5 33. Ne5 Ne7 34. Nc4 a4 35. g4 Nd5 36. Ke4 Kb7 37. h5 gxh5 38. g5 Ka6 39. f4 h4 40. f5 h3 41. Kf3 Kb5 42. f6 Kxc4 43. f7 h2 44. Kg2 Nf4+ 45. Kxh2 Ng6 46. Kh3 a3 47. Kg4 a2 48. Kh3 a1=Q 0-1

[Event "DSOL 2021"]
[Site "Germany"]
[Date "2021.03.22"]
[Round "7.3"]
[White "Rosenkraenzer, Torsten"]
[Black "Klueppel, Ralf"]
[Result "1-0"]
[WhiteElo "2029"]
[BlackElo "1526"]
[Annotator "TA"]
[PlyCount "93"]
[EventDate "2021.01.18"]
[EventType "team-tourn"]
[EventCountry "GER"]
[SourceTitle "playchess.com"]
[Source "ChessBase"]
[SourceQuality "1"]

1. d4 Nf6 2. c4 g6 3. Nc3 d5 4. cxd5 Nxd5 5. Bd2 Nxc3 6. Bxc3 Bg7 7. e4 O-O 8. Nf3 Bg4 9. Be2 c5 10. d5 Bxc3+ 11. bxc3 Bxf3 12. Bxf3 Nd7 13. O-O Qc7 14. a4 Rfd8 15. c4 Ne5 16. Qb3 Nxf3+ 17. Qxf3 Qe5 18. Qd3 Rac8 19. Rab1 Rd7 20. g3 e6 21. Rfe1 b6 22. Kg2 Re8 23. Rbd1 exd5 24. cxd5 g5 25. Qe3 Rd6 26. f4 gxf4 27. gxf4 Qh5 28. Kh1 Rh6 29. Rd2 Qh3 30. Qxh3 Rxh3 31. Kg2 Ra3 32. e5 Rxa4 33. Kf3 Kf8 34. d6 Rd4 35. Rxd4 cxd4 36. Ke4 d3 37. Kxd3 Rc8 38. f5 Rd8 39. Ke4 f6 40. Kd5 fxe5 41. Rxe5 Kf7 42. Re7+ Kf6 43. Rxa7 Kxf5 44. Rxh7 b5 45. Kc6 Ke5 46. d7 Ke6 47. Kc7 1-0

[Event "DSOL 2021"]
[Site "Germany"]
[Date "2021.03.23"]
[Round "7.3"]
[White "Gehrmann, Rudolf-Rainer"]
[Black "Schwenck, Mathias"]
[Result "1/2-1/2"]
[WhiteElo "2012"]
[BlackElo "1965"]
[Annotator "TA"]
[PlyCount "86"]
[EventDate "2021.01.18"]
[EventType "team-tourn"]
[EventCountry "GER"]
[SourceTitle "playchess.com"]
[Source "ChessBase"]
[SourceQuality "1"]

1. c4 e5 2. Nc3 Nf6 3. g3 Bb4 4. Bg2 O-O 5. Nf3 Re8 6. d3 Bxc3+ 7. bxc3 e4 8. Nd4 exd3 9. Qxd3 d6 10. O-O h6 11. Rb1 Na6 12. Ba3 Nc5 13. Qc2 Nfd7 14. Rfd1 Nb6 15. Nb3 Nxb3 16. axb3 Qe7 17. e4 Bd7 18. Re1 Qe5 19. f4 Qh5 20. Qf2 Bc6 21. Re2 a5 22. c5 dxc5 23. Bxc5 Nd7 24. Bd4 a4 25. bxa4 Rxa4 26. e5 Bxg2 27. Qxg2 b6 28. Rbe1 Nf8 29. Qc6 Rea8 30. Qxc7 Ne6 31. Qc6 Qg4 32. Qg2 Rc8 33. Bxb6 Rxc3 34. Rd2 Rac4 35. Red1 Rc1 36. Qf1 Rxd1 37. Qxd1 Qg6 38. Qf3 Nxf4 39. Qf1 Nh3+ 40. Qxh3 Qxb6+ 41. Kg2 Qb7+ 42. Kf2 Qa7+ 43. Kg2 Qb7+ 1/2-1/2

[Event "DSOL 2021"]
[Site "Germany"]
[Date "2021.03.22"]
[Round "7.3"]
[White "Krueger, Simon"]
[Black "Harder, Daniella"]
[Result "1-0"]
[WhiteElo "2011"]
[BlackElo "1604"]
[Annotator "TA"]
[PlyCount "81"]
[EventDate "2021.01.18"]
[EventType "team-tourn"]
[EventCountry "GER"]
[SourceTitle "playchess.com"]
[Source "ChessBase"]
[SourceQuality "1"]

1. Nf3 Nf6 2. d4 c5 3. dxc5 Na6 4. Be3 e6 5. Nbd2 Bxc5 6. Bxc5 Nxc5 7. e3 d6 8. Be2 O-O 9. O-O b6 10. Nd4 Bb7 11. Bf3 Bxf3 12. Qxf3 Qc7 13. Rfd1 d5 14. Rac1 Rfc8 15. Qe2 Nb7 16. Nb5 Qc5 17. c4 Qe7 18. cxd5 Nxd5 19. e4 Nf6 20. Rxc8+ Rxc8 21. Nxa7 Rc2 22. Qb5 Qc5 23. Qxc5 Nxc5 24. f3 g6 25. b4 Nd3 26. Nf1 Nxb4 27. a3 Ra2 28. Nb5 Na6 29. Rd6 Nc5 30. g4 Nfd7 31. Rc6 Rb2 32. Nd6 Kg7 33. Nc4 Ra2 34. g5 b5 35. Nd6 Rxa3 36. Kg2 b4 37. Rc8 Ra2+ 38. Kg3 Nb7 39. Ne8+ Kf8 40. Nf6+ Ke7 41. Rc7 1-0

[Event "DSOL 2021"]
[Site "Germany"]
[Date "2021.03.22"]
[Round "7.3"]
[White "Gehringer, Frank"]
[Black "Rahal, Michael A"]
[Result "0-1"]
[WhiteElo "2002"]
[BlackElo "2333"]
[Annotator "TA"]
[PlyCount "128"]
[EventDate "2021.01.18"]
[EventType "team-tourn"]
[EventCountry "GER"]
[SourceTitle "playchess.com"]
[Source "ChessBase"]
[SourceQuality "1"]

1. e4 c5 2. Nf3 e6 3. c3 d5 4. exd5 Qxd5 5. d4 Nf6 6. Be2 Be7 7. O-O O-O 8. Re1 Nc6 9. h3 h6 10. Be3 cxd4 11. cxd4 Qd8 12. Nc3 Nd5 13. Nxd5 Qxd5 14. a3 a6 15. Rc1 Rd8 16. Bc4 Qd6 17. Qd3 Bf6 18. Rcd1 Ne7 19. Ba2 Bd7 20. Bb1 Nf5 21. g4 Bb5 22. Qe4 Bc6 23. d5 Bxd5 24. Rxd5 Qxd5 25. gxf5 exf5 26. Qxf5 Qxf5 27. Bxf5 Bxb2 28. Rb1 Bxa3 29. Rxb7 a5 30. Bb6 Rdb8 31. Rxb8+ Rxb8 32. Bc7 Rb7 33. Bd8 a4 34. Be4 Rb8 35. Bc7 Rb5 36. Kg2 Bb2 37. Bd3 a3 38. Bb1 Be5 39. Bxe5 Rxb1 40. Nd2 a2 41. Kf3 a1=Q 42. Bxa1 Rxa1 43. Ne4 Kh7 44. Kg2 Kg6 45. Nd2 Ra2 46. Nf3 h5 47. Ne5+ Kf6 48. Nf3 g5 49. Nd4 g4 50. hxg4 hxg4 51. Kg3 Ra3+ 52. Kg2 Kg5 53. Nb5 Ra2 54. Nd4 f5 55. Ne6+ Kf6 56. Nf4 Kg5 57. Ne6+ Kh4 58. Nf4 Ra3 59. Ng6+ Kg5 60. Ne5 f4 61. Nc4 Ra2 62. Ne5 Kf5 63. Nd3 g3 64. Kf3 Ra3 0-1

[Event "DSOL 2021"]
[Site "Germany"]
[Date "2021.03.24"]
[Round "7.3"]
[White "Eggenstein, Frank"]
[Black "Seeger, Thomas"]
[Result "1-0"]
[WhiteElo "2001"]
[BlackElo "1405"]
[Annotator "TA"]
[PlyCount "38"]
[EventDate "2021.01.18"]
[EventType "team-tourn"]
[EventCountry "GER"]
[SourceTitle "playchess.com"]
[Source "ChessBase"]
[SourceQuality "1"]

1. e4 c6 2. d3 d5 3. Nd2 e5 4. Ngf3 Bd6 5. d4 exd4 6. exd5 Nf6 7. dxc6 Nxc6 8. Be2 O-O 9. O-O Re8 10. Nb3 Bg4 11. h3 Bxf3 12. Bxf3 Be5 13. Nc5 Rc8 14. Nd3 Bb8 15. Bd2 Qd7 16. Re1 Rxe1+ 17. Qxe1 Re8 18. Qf1 Ne4 19. Bxe4 Re5 1-0

[Event "DSOL 2021"]
[Site "Germany"]
[Date "2021.03.26"]
[Round "7.3"]
[White "Sidon, Mike"]
[Black "Jurkatis, Hagen"]
[Result "1/2-1/2"]
[WhiteElo "1998"]
[BlackElo "1961"]
[Annotator "TA"]
[PlyCount "45"]
[EventDate "2021.01.18"]
[EventType "team-tourn"]
[EventCountry "GER"]
[SourceTitle "playchess.com"]
[Source "ChessBase"]
[SourceQuality "1"]
[WhiteTeam "SF Birkenfeld I"]
[BlackTeam "SG Weißensee I"]

1. c4 f5 2. Nc3 e6 3. d4 Nf6 4. e3 Bb4 5. Bd2 b6 6. Bd3 Bb7 7. f3 O-O 8. Nge2 c5 9. O-O Nc6 10. a3 Bxc3 11. Bxc3 d5 12. Qc2 Rc8 13. dxc5 bxc5 14. Nf4 Qe7 15. cxd5 exd5 16. Rfe1 g6 17. Bxf6 Qxf6 18. Nxd5 Qg7 19. Nf4 Rfe8 20. Bc4+ Kh8 21. Ne6 Qf6 22. Nxc5 Nd4 23. exd4 1/2-1/2

[Event "DSOL 2021"]
[Site "Germany"]
[Date "2021.03.23"]
[Round "7.3"]
[White "Wolff, Christoph"]
[Black "Kuever, Benjamin"]
[Result "1/2-1/2"]
[WhiteElo "1994"]
[BlackElo "1832"]
[Annotator "TA"]
[PlyCount "63"]
[EventDate "2021.01.18"]
[EventType "team-tourn"]
[EventCountry "GER"]
[SourceTitle "playchess.com"]
[Source "ChessBase"]
[SourceQuality "1"]

1. e4 e5 2. Nc3 Nf6 3. g3 Bc5 4. Bg2 d6 5. Nge2 Nc6 6. d3 Nd4 7. Nxd4 Bxd4 8. O-O c6 9. h3 O-O 10. Kh2 Be6 11. Ne2 Bb6 12. f4 Re8 13. f5 Bd7 14. g4 h6 15. Ng3 Nh7 16. f6 Nxf6 17. g5 Nh7 18. gxh6 g6 19. Qf3 Be6 20. Nf5 Bxf5 21. exf5 g5 22. h4 Qf6 23. hxg5 Nxg5 24. Qh5 Nh7 25. Bd2 d5 26. a4 Kh8 27. a5 Bc7 28. Kh1 Rg8 29. Ra4 Rad8 30. Rg4 Rxg4 31. Qxg4 Rg8 32. Qh5 1/2-1/2

[Event "DSOL 2021"]
[Site "Germany"]
[Date "2021.03.23"]
[Round "7.3"]
[White "Seidel, Mika"]
[Black "Schnegelsberg, Karl-Heinz"]
[Result "1-0"]
[WhiteElo "1966"]
[BlackElo "1961"]
[Annotator "TA"]
[PlyCount "67"]
[EventDate "2021.01.18"]
[EventType "team-tourn"]
[EventCountry "GER"]
[SourceTitle "playchess.com"]
[Source "ChessBase"]
[SourceQuality "1"]

1. c4 c6 2. Nf3 Nf6 3. Nc3 g6 4. e4 d6 5. d4 Bg7 6. Be2 O-O 7. O-O e5 8. d5 cxd5 9. cxd5 Nbd7 10. Bg5 h6 11. Be3 Ng4 12. Bd2 f5 13. h3 Ngf6 14. Nh4 fxe4 15. Nxg6 Rf7 16. Rc1 Nf8 17. Nxf8 Qxf8 18. f3 exf3 19. Rxf3 a6 20. Qb3 Bd7 21. Rcf1 Rb8 22. Ne4 b5 23. Bxh6 Bxh6 24. Nxf6+ Rxf6 25. Rxf6 Qg7 26. Qc2 Be8 27. Rxd6 Qg3 28. Qc7 Ra8 29. Rd8 Qe3+ 30. Kh1 Rxd8 31. Qxd8 Qxe2 32. Qxe8+ Kh7 33. Rf7+ Bg7 34. Qe7 1-0

[Event "DSOL 2021"]
[Site "Germany"]
[Date "2021.03.22"]
[Round "7.3"]
[White "Ernst, Franz"]
[Black "Malmberg, Mio"]
[Result "1-0"]
[WhiteElo "1961"]
[BlackElo "2075"]
[Annotator "TA"]
[PlyCount "49"]
[EventDate "2021.01.18"]
[EventType "team-tourn"]
[EventCountry "GER"]
[SourceTitle "playchess.com"]
[Source "ChessBase"]
[SourceQuality "1"]

1. e4 c6 2. d4 d5 3. f3 dxe4 4. fxe4 e5 5. Nf3 Bg4 6. Bc4 Nd7 7. O-O Ngf6 8. c3 Bd6 9. Qb3 O-O 10. Qxb7 exd4 11. cxd4 Nb6 12. Bd3 Bxf3 13. gxf3 c5 14. e5 Bb8 15. Be3 cxd4 16. exf6 dxe3 17. fxg7 Re8 18. Be2 Qg5+ 19. Kh1 Bf4 20. Rg1 Qh4 21. Rg2 Qe1+ 22. Rg1 Qxe2 23. Rg2 Qf1+ 24. Rg1 Qxf3+ 25. Qxf3 1-0

[Event "DSOL 2021"]
[Site "Germany"]
[Date "2021.03.25"]
[Round "7.3"]
[White "Fahland, Maximilian"]
[Black "Scepanik, Hans-Juergen"]
[Result "1-0"]
[WhiteElo "1951"]
[BlackElo "1945"]
[Annotator "TA"]
[PlyCount "69"]
[EventDate "2021.01.18"]
[EventType "team-tourn"]
[EventCountry "GER"]
[SourceTitle "playchess.com"]
[Source "ChessBase"]
[SourceQuality "1"]

1. d4 d5 2. e4 dxe4 3. f3 Nf6 4. Nc3 exf3 5. Nxf3 Bg4 6. Bc4 e6 7. O-O Be7 8. Bg5 O-O 9. Kh1 c6 10. Qd2 Nd5 11. Nxd5 exd5 12. Bxe7 Qxe7 13. Bd3 Bxf3 14. Rxf3 g6 15. Re1 Qd6 16. Qh6 Qd7 17. Rh3 f5 18. Rhe3 Qg7 19. Qxg7+ Kxg7 20. Re7+ Rf7 21. Re8 b6 22. Rc8 a5 23. Ree8 c5 24. dxc5 bxc5 25. Rxb8 Raa7 26. b3 a4 27. Kg1 axb3 28. axb3 Rac7 29. Rbc8 Kf6 30. Kf2 c4 31. bxc4 dxc4 32. Bxc4 Rxc8 33. Rxc8 Re7 34. Bb5 g5 35. Rf8+ 1-0

[Event "DSOL 2021"]
[Site "Germany"]
[Date "2021.03.22"]
[Round "7.3"]
[White "Kaiser, Sebastian"]
[Black "Horneber, Thomas"]
[Result "0-1"]
[WhiteElo "1943"]
[BlackElo "1613"]
[Annotator "RC"]
[PlyCount "110"]
[EventDate "2021.01.18"]
[EventType "team-tourn"]
[EventCountry "GER"]
[SourceTitle "playchess.com"]
[Source "ChessBase"]
[SourceQuality "1"]

1. d4 d6 2. Nf3 g6 3. c3 Bg7 4. Bf4 Bg4 5. h3 Bxf3 6. exf3 Nf6 7. Bd3 c6 8. Qd2 Nbd7 9. O-O O-O 10. Re1 Re8 11. Na3 d5 12. Nc2 a5 13. Bh6 Bh8 14. f4 e6 15. Bg5 Bg7 16. Re2 Qc7 17. Bxf6 Nxf6 18. g3 Bh6 19. Qe1 b6 20. Qf1 c5 21. Bb5 Rec8 22. Rae1 Ne4 23. Rxe4 dxe4 24. Rxe4 Bg7 25. dxc5 Qxc5 26. Qe2 Rd8 27. a4 Qd6 28. Ne3 Rac8 29. Nc4 Qc5 30. Qe3 Rd1+ 31. Kh2 Rcd8 32. Qxc5 bxc5 33. Re2 Ra8 34. Kg2 Bf8 35. h4 Bd6 36. Nxd6 Rxd6 37. Re5 Rc8 38. Re2 Rcd8 39. Kf3 Rd2 40. Ke3 Rxe2+ 41. Kxe2 h5 42. b3 Kg7 43. Bd3 Rb8 44. Bc4 Kf6 45. Kd2 e5 46. fxe5+ Kxe5 47. f4+ Kf6 48. Bd5 Rd8 49. c4 Kf5 50. Ke3 Re8+ 51. Kf2 Re7 52. Bg2 Kf6 53. Bd5 Re8 54. Bc6 Rd8 55. Bd5 Rb8 0-1

[Event "DSOL 2021"]
[Site "Germany"]
[Date "2021.03.25"]
[Round "7.3"]
[White "Gruber, Bernd"]
[Black "Bussemer, Karsten"]
[Result "0-1"]
[WhiteElo "1934"]
[BlackElo "1794"]
[Annotator "TA"]
[PlyCount "44"]
[EventDate "2021.01.18"]
[EventType "team-tourn"]
[EventCountry "GER"]
[SourceTitle "playchess.com"]
[Source "ChessBase"]
[SourceQuality "1"]

1. Nf3 d5 2. e3 Nf6 3. c4 c6 4. b3 Bg4 5. Bb2 e6 6. Be2 Bd6 7. h3 Bh5 8. Nc3 Nbd7 9. Nd4 Bg6 10. O-O Rc8 11. f4 O-O 12. f5 exf5 13. Nxf5 Bb8 14. cxd5 cxd5 15. Nxg7 Qc7 16. Rf4 Qc6 17. Rd4 Be5 18. Bb5 Qd6 19. Nxd5 Nxd5 20. Ba3 Qxa3 21. Rxd5 Bxa1 22. Qxa1 Rc1+ 0-1

[Event "DSOL 2021"]
[Site "Germany"]
[Date "2021.03.22"]
[Round "7.3"]
[White "Gast, Rainer"]
[Black "Ankerst, Milka"]
[Result "0-1"]
[WhiteElo "1932"]
[BlackElo "1620"]
[Annotator "TA"]
[PlyCount "98"]
[EventDate "2021.01.18"]
[EventType "team-tourn"]
[EventCountry "GER"]
[SourceTitle "playchess.com"]
[Source "ChessBase"]
[SourceQuality "1"]

1. d4 Nf6 2. c4 e6 3. Nc3 Bb4 4. e3 c5 5. a3 Ba5 6. d5 Bxc3+ 7. bxc3 O-O 8. Bd3 b6 9. Ne2 e5 10. e4 d6 11. O-O Nbd7 12. f3 Re8 13. g4 Nf8 14. Ng3 Ng6 15. h3 Kh8 16. Bg5 h6 17. Be3 Bd7 18. Qd2 Nh7 19. Kg2 Rb8 20. Rh1 Nh4+ 21. Kf2 Qf6 22. Qe2 Ng5 23. Bxg5 Qxg5 24. Rag1 Rec8 25. Nf5 Nxf5 26. gxf5 Qf6 27. Rg3 Rg8 28. Qd2 b5 29. cxb5 Bxb5 30. Rb1 a6 31. Qe2 c4 32. Bc2 Qd8 33. Qe3 Qa5 34. Ra1 Ba4 35. Rc1 Rb2 36. Qd2 Qc5+ 37. Kf1 Qxa3 38. Rg2 Bxc2 39. Rxc2 Rb1+ 40. Ke2 Rgb8 41. f6 R8b2 42. fxg7+ Kg8 43. Ke3 Rxc2 44. Qxc2 Qc5+ 45. Ke2 Qb6 46. Qa4 Rb2+ 47. Kf1 Rb1+ 48. Ke2 Qb2+ 49. Ke3 Re1+ 0-1

[Event "DSOL 2021"]
[Site "Germany"]
[Date "2021.03.25"]
[Round "7.3"]
[White "Schubert, Mario"]
[Black "Knorr, Alexander"]
[Result "1-0"]
[WhiteElo "1928"]
[BlackElo "1620"]
[Annotator "TA"]
[PlyCount "121"]
[EventDate "2021.01.18"]
[EventType "team-tourn"]
[EventCountry "GER"]
[SourceTitle "playchess.com"]
[Source "ChessBase"]
[SourceQuality "1"]

1. e4 c6 2. d4 d5 3. Nc3 dxe4 4. Nxe4 Bf5 5. Ng3 Bg6 6. Nf3 Nd7 7. h4 h6 8. h5 Bh7 9. Bd3 Bxd3 10. Qxd3 Ngf6 11. Bd2 e6 12. O-O-O Be7 13. Rhe1 O-O 14. Kb1 a5 15. Ng1 a4 16. a3 b5 17. c3 Nb6 18. Nh3 Nc4 19. Bc1 Bd6 20. f4 Qc7 21. Qf3 Rae8 22. Ne4 Nxe4 23. Qxe4 Qd7 24. Qf3 f6 25. g4 Qc7 26. Re2 Rf7 27. d5 cxd5 28. Rxd5 Qc6 29. Rd3 Qxf3 30. Rxf3 e5 31. Rd3 Kf8 32. Rd5 Rb7 33. g5 exf4 34. Rxe8+ Kxe8 35. gxh6 gxh6 36. Nxf4 Kf7 37. Ng6 Ke6 38. Rd1 Rh7 39. Bf4 Ne5 40. Kc2 Rf7 41. Bxh6 f5 42. Bf4 Rf6 43. Rxd6+ Kxd6 44. Bxe5+ Ke6 45. Bxf6 f4 46. h6 Kxf6 47. h7 Kxg6 48. h8=Q Kf5 49. Qh2 Ke4 50. Qf2 f3 51. b3 axb3+ 52. Kxb3 Kf4 53. Kb4 Ke4 54. Kxb5 Kd3 55. Qxf3+ Kc2 56. c4 Kd2 57. Kb4 Kc2 58. Qc3+ Kb1 59. Qd2 Ka1 60. Kb3 Kb1 61. Qb2# 1-0

[Event "DSOL 2021"]
[Site "Germany"]
[Date "2021.03.26"]
[Round "7.3"]
[White "Schulze Bisping, Franz-Adolf"]
[Black "Michel, Stephan"]
[Result "1/2-1/2"]
[WhiteElo "1926"]
[BlackElo "1908"]
[Annotator "ChessBase"]
[PlyCount "77"]
[EventDate "2021.01.18"]
[EventType "team-tourn"]
[EventCountry "GER"]
[SourceTitle "playchess.com"]
[Source "ChessBase"]
[SourceQuality "1"]
[WhiteTeam "SV Erkenschwick I"]
[BlackTeam "Biebertaler SF"]

1. d4 g6 2. c4 Bg7 3. Nc3 d6 4. e4 e5 5. Be3 Nc6 6. Nge2 f5 7. f3 Nf6 8. exf5 gxf5 9. Qd2 f4 10. Bf2 Bf5 11. O-O-O Qe7 12. Nd5 Qf7 13. dxe5 dxe5 14. g4 Bg6 15. h4 h5 16. g5 Nxd5 17. cxd5 Ne7 18. Nc3 Nf5 19. Bb5+ Kf8 20. Ne4 Kg8 21. Ba4 Nd6 22. Bc2 Kh7 23. Rhe1 Rhe8 24. Nxd6 cxd6 25. Kb1 Rec8 26. Be4 Bf8 27. Rc1 a6 28. Qd3 Be7 29. Rxc8 Rxc8 30. Rc1 Rxc1+ 31. Kxc1 Bd8 32. Kd2 Kg7 33. Bxg6 Qxg6 34. b4 Qxd3+ 35. Kxd3 Kg6 36. Ke4 Bc7 37. a4 b6 38. Bg1 Bd8 39. Bf2 1/2-1/2

[Event "DSOL 2021"]
[Site "Germany"]
[Date "2021.03.25"]
[Round "7.3"]
[White "Schubert, Martin"]
[Black "Poetsch, Matthias"]
[Result "0-1"]
[WhiteElo "1921"]
[BlackElo "1903"]
[Annotator "TA"]
[PlyCount "64"]
[EventDate "2021.01.18"]
[EventType "team-tourn"]
[EventCountry "GER"]
[SourceTitle "playchess.com"]
[Source "ChessBase"]
[SourceQuality "1"]

1. c4 c5 2. Nc3 Nc6 3. g3 Nf6 4. Bg2 h6 5. a3 e6 6. Nf3 d5 7. cxd5 exd5 8. d4 c4 9. O-O Bd6 10. Bf4 Bxf4 11. gxf4 O-O 12. b3 cxb3 13. Qxb3 Ne4 14. Rfc1 Be6 15. e3 Na5 16. Qd1 Re8 17. Ne5 f6 18. Nd3 Bf7 19. Rab1 b6 20. Nb4 Qd7 21. Qd3 f5 22. Qb5 Red8 23. Bf1 Qd6 24. Nxe4 fxe4 25. Rc3 Rac8 26. Rbc1 Rxc3 27. Rxc3 Bh5 28. Bg2 Bf3 29. Nc6 Qd7 30. h3 Bxg2 31. Kxg2 Kh7 32. Nxa7 Qxa7 0-1

[Event "DSOL 2021"]
[Site "Germany"]
[Date "2021.03.26"]
[Round "7.3"]
[White "Degel, Steven"]
[Black "Becker, Marco"]
[Result "1-0"]
[WhiteElo "1918"]
[BlackElo "1441"]
[Annotator "ChessBase"]
[PlyCount "37"]
[EventDate "2021.01.18"]
[EventType "team-tourn"]
[EventCountry "GER"]
[SourceTitle "playchess.com"]
[Source "ChessBase"]
[SourceQuality "1"]
[WhiteTeam "SG Arnstadt-Stadtilm"]
[BlackTeam "SV Horst-Emscher I"]

1. c4 g6 2. Nc3 Bg7 3. d4 e6 4. e4 c5 5. Be3 cxd4 6. Bxd4 e5 7. Bc5 Nf6 8. Bd6 Qb6 9. Qd3 Na6 10. O-O-O Ng4 11. Nh3 Nxf2 12. Nxf2 Qxf2 13. Kb1 Qb6 14. Nb5 Qc6 15. Qf3 f5 16. Rd5 f4 17. g3 Bf8 18. Rxe5+ Kd8 19. Qxf4 1-0